| 000 | 00978nam a2200241 i 4500 | ||
|---|---|---|---|
| 001 | 188610 | ||
| 003 | ES-MaACL | ||
| 005 | 20250620063024.0 | ||
| 008 | 190108s1966 sp |||| | spa d | ||
| 100 | 1 |
_aChávarri, Raúl, _d1929-1984 _9161889 |
|
| 245 | 1 | 0 |
_a007, signo de nuestro tiempo / _cRaúl Chavarri Porpeta. |
| 260 |
_aMadrid : _bAteneo : _bEditora Nacional, _c1966. |
||
| 300 |
_a24 p. ; _c20 cm. |
||
| 490 | 1 |
_aColección Ateneo ; _v36 |
|
| 594 | _aConferencia pronunciada en el Ateneo de Madrid el día 26 de abril de 1966. | ||
| 598 | _aEn verso de anteport.: Esta colección la publica Editora Nacional. | ||
| 610 | 2 | 4 |
_aAteneo de Madrid- _vConferencias- _y1940-1982. _91908 |
| 650 | 4 |
_aNovela de espionaje- _yS.XX- _xHistoria y crítica. _9165890 |
|
| 710 | 2 |
_aAteneo de Madrid. _91875 |
|
| 830 | 0 |
_aColección Ateneo ; _v36 _9180032 |
|
| 852 |
_aES-MaACL _jP-211-Ter-4-2 _z.-En lomo: 35-42 |
||
| 999 |
_c188610 _d188610 |
||